| 000 | 00934cam a22003138a 4500 | ||
|---|---|---|---|
| 001 | 15307250 | ||
| 003 | OSt | ||
| 005 | 20180321194413.0 | ||
| 008 | 080522s2009 mdu b 001 0 eng | ||
| 010 | _a 2008022591 | ||
| 020 | _a9780781790697 | ||
| 035 | _a(DNLM)101474712 | ||
| 040 |
_aDNLM/DLC _cDLC _dDLC |
||
| 042 | _apcc | ||
| 050 | 0 | 0 |
_aQM601 _b.L35 2009 |
| 060 | 1 | 0 |
_aQS 604 _bS126L 2009 |
| 082 | 0 | 0 |
_aQS 604 S15l 2010 _222 |
| 100 | 1 |
_aSadler, T. W.; Langman, Jan. _9436 |
|
| 245 | 1 | 0 | _aLangman's Medical Embryology. |
| 250 | _a11th ed. | ||
| 260 |
_aBaltimore; _bLippincott William & Wilkins, _cc2010 |
||
| 263 | _a0811 | ||
| 300 |
_ap. ; _ccm. |
||
| 504 | _aIncludes bibliographical references and index. | ||
| 650 | 0 |
_aHuman embryology _91280 |
|
| 856 | 4 | 1 |
_3Table of contents only _uhttp://www.loc.gov/catdir/toc/ecip0819/2008022591.html |
| 906 |
_a7 _brix _corignew _d1 _eecip _f20 _gy-gencatlg |
||
| 942 |
_2z _cSLOAN |
||
| 999 |
_c480 _d480 |
||